| 000 | 00525nam a2200169Ia 4500 | ||
|---|---|---|---|
| 005 | 20250923144806.0 | ||
| 008 | 008 250917s9999 xx 000 0 eng d | ||
| 037 | _aTextual | ||
| 040 |
_aDSWL _beng _cDSWL |
||
| 041 |
_aeng _2eng |
||
| 084 |
_aY135.9.7.251, N62 _qDSWL |
||
| 245 | 0 |
_aEvaluation study of the vikas - Mandals _cby Urban Community Development |
|
| 260 |
_aDelhi _bDepartmentof community Dev _c1962 |
||
| 300 | _aii,46,4p. | ||
| 942 |
_cTEXL _hY135.9.7.251, N62 |
||
| 999 |
_c1443404 _d1443404 |
||